[Event "Prva liga CS"]
[Site "www.sah-centralnasrbija.com"]
[Date "2013.09.17"]
[Round "?"]
[White "Parligras Mircea-Emilian"]
[Black "Pancevski Filip"]
[Result "1/2-1/2"]
[WhiteElo "2560"]
[BlackElo "2500"]
[PlyCount "104"]
[EventDate "2013.??.??"]

1. d4 g6 2. e4 Bg7 3. c4 d6 4. Nc3 Nf6 5. f3 O-O 6. Be3 Nc6 7. Qd2 a6 8. Nge2
Rb8 9. Rc1 Bd7 10. Nd1 e5 11. d5 Ne7 12. c5 Ne8 13. b4 f5 14. Nec3 Nf6 15. Be2
Kh8 16. Nb2 fxe4 17. fxe4 Neg8 18. O-O Ng4 19. Bxg4 Bxg4 20. Nc4 Rxf1+ 21. Rxf1
Qe7 22. Na5 Qe8 23. Qf2 Bf6 24. c6 b6 25. Nc4 b5 26. Na5 g5 27. Qg3 Qh5 28. h3
Bc8 29. Bf2 Qg6 30. Be3 Kg7 31. Nb3 h5 32. Bd2 Ra8 33. Kh1 Be7 34. Qe3 Nh6 35.
Ne2 h4 36. Ng1 Nf7 37. Nc1 g4 38. Nce2 Ng5 39. Nc3 Nh7 40. Qf2 Kg8 41. a3 Nf6
42. Qe3 Nh5 43. Nce2 Kg7 44. Kh2 Nf6 45. Nc3 Nh7 46. Kh1 Ng5 47. Be1 Nh7 48.
Bd2 Nf6 49. Kh2 Nh5 50. Nce2 a5 51. bxa5 Nf6 52. Nc3 Rxa5 1/2-1/2

[Event "Prva liga CS"]
[Site "www.sah-centralnasrbija.com"]
[Date "2013.09.17"]
[Round "?"]
[White "Zajic Milan"]
[Black "Perunovic Miodrag"]
[Result "1/2-1/2"]
[WhiteElo "2302"]
[BlackElo "2418"]
[PlyCount "21"]
[EventDate "2013.??.??"]

1. e4 c5 2. Nf3 d6 3. d4 cxd4 4. Nxd4 Nf6 5. Nc3 Bd7 6. f4 e5 7. Nf3 Nc6 8. Bd3
Be7 9. O-O O-O 10. Kh1 a6 11. Qe2 1/2-1/2

[Event "Prva liga CS"]
[Site "www.sah-centralnasrbija.com"]
[Date "2013.09.17"]
[Round "?"]
[White "Radovanovic Dusan"]
[Black "Brankovic Dejan"]
[Result "1/2-1/2"]
[WhiteElo "2377"]
[BlackElo "2364"]
[PlyCount "52"]
[EventDate "2013.??.??"]

1. d4 Nf6 2. Nf3 g6 3. c4 Bg7 4. Nc3 O-O 5. e4 d6 6. Be2 e5 7. O-O Na6 8. Be3
Ng4 9. Bg5 Qe8 10. h3 h6 11. Bh4 Nf6 12. Bxf6 Bxf6 13. c5 exd4 14. Nd5 Bd8 15.
Bxa6 c6 16. Bc4 cxd5 17. Bxd5 dxc5 18. Qc1 Qe7 19. Qxh6 Be6 20. Rfe1 Qd6 21. h4
Bxd5 22. exd5 Bf6 23. Ng5 Bxg5 24. Qxg5 Rae8 25. h5 Kg7 26. Re6 fxe6 1/2-1/2

[Event "Prva liga CS"]
[Site "www.sah-centralnasrbija.com"]
[Date "2013.09.17"]
[Round "?"]
[White "Jevtic Sasa"]
[Black "Marcetic Nikola"]
[Result "0-1"]
[WhiteElo "2285"]
[BlackElo "2395"]
[PlyCount "100"]
[EventDate "2013.??.??"]

1. c4 Nf6 2. Nc3 c5 3. g3 Nc6 4. Bg2 b6 5. Nf3 Bb7 6. O-O e6 7. b3 Be7 8. Bb2
O-O 9. d4 Nxd4 10. Nxd4 Bxg2 11. Nxe6 fxe6 12. Kxg2 d5 13. Qc2 Qe8 14. f3 Rd8
15. Rad1 Qh5 16. e4 Qg6 17. Qb1 d4 18. Ne2 e5 19. Qd3 h5 20. Rde1 h4 21. g4 Nh7
22. h3 Bg5 23. Bc1 Bxc1 24. Nxc1 Ng5 25. Ne2 Ne6 26. Rd1 Rd7 27. Rf2 Rdf7 28.
Rff1 Qh6 29. Qd2 Ng5 30. Ng1 Rf4 31. Qd3 Qf6 32. Rde1 a6 33. Rf2 b5 34. Rff1
Qb6 35. Rf2 Qa5 36. Ref1 R4f7 37. Ne2 Ne6 38. Qc2 Qd8 39. Qd2 b4 40. Kh2 Ng5
41. Qd3 a5 42. Kg2 Qa8 43. Ng1 Ne6 44. Ne2 Qd8 45. Rd1 Qg5 46. Qd2 Qe3 47. Qxe3
dxe3 48. Rff1 Nd4 49. Nxd4 exd4 50. Rd3 g5 0-1

[Event "Prva liga CS"]
[Site "www.sah-centralnasrbija.com"]
[Date "2013.09.17"]
[Round "?"]
[White "Radivojevic Ivan"]
[Black "Mladenovic Stefan"]
[Result "1-0"]
[WhiteElo "2352"]
[BlackElo "2274"]
[PlyCount "63"]
[EventDate "2013.??.??"]

1. e4 c5 2. Nf3 d6 3. d4 cxd4 4. Nxd4 Nf6 5. Nc3 g6 6. g3 Nc6 7. Nde2 Bg7 8.
Bg2 O-O 9. O-O Rb8 10. a4 a6 11. Nd5 Nd7 12. c3 b5 13. axb5 axb5 14. Bg5 h6 15.
Be3 Nde5 16. Nd4 Nxd4 17. cxd4 Nc4 18. Bc1 Bb7 19. b3 Nb6 20. Nb4 Ra8 21. Rxa8
Qxa8 22. Qd3 f5 23. d5 fxe4 24. Bxe4 Nd7 25. Qxb5 Nc5 26. Bg2 Nxb3 27. Nc6 Bxc6
28. dxc6 Nxc1 29. c7 Qa7 30. Rxc1 Bc3 31. Qc4+ Kh7 32. Qxc3 1-0

[Event "Prva liga CS"]
[Site "www.sah-centralnasrbija.com"]
[Date "2013.09.17"]
[Round "?"]
[White "Cvetanovic Uros"]
[Black "Vuckovic Branko"]
[Result "1/2-1/2"]
[WhiteElo "2258"]
[BlackElo "2263"]
[PlyCount "80"]
[EventDate "2013.??.??"]

1. e4 Nf6 2. Nc3 e5 3. Bc4 Bb4 4. Nge2 O-O 5. O-O Nxe4 6. Nxe4 d5 7. c3 Be7 8.
Bd3 dxe4 9. Bxe4 f5 10. Qb3+ Kh8 11. Bxb7 Bxb7 12. Qxb7 Nd7 13. d4 f4 14. dxe5
f3 15. gxf3 Nxe5 16. f4 Qd3 17. fxe5 Qxe2 18. Be3 Rab8 19. Qc6 Rxb2 20. Rae1
Qh5 21. a4 Qxe5 22. Bc1 Re2 23. Rxe2 Qxe2 24. Be3 Rf6 25. Qa8+ Bf8 26. Rb1 c6
27. h4 Qg4+ 28. Kf1 Qxh4 29. Rb8 Qc4+ 30. Ke1 Qxc3+ 31. Ke2 Qc4+ 32. Ke1 Qc3+
33. Ke2 Qc2+ 34. Ke1 Qf5 35. Qxa7 h6 36. Qc5 Qf3 37. a5 Rf5 38. Qa3 Kg8 39. a6
Rd5 40. Qb3 Qh1+ 1/2-1/2

[Event "Prva liga CS"]
[Site "www.sah-centralnasrbija.com"]
[Date "2013.09.17"]
[Round "?"]
[White "Galkin Alexander"]
[Black "Mista Aleksander"]
[Result "1-0"]
[WhiteElo "2582"]
[BlackElo "2626"]
[PlyCount "167"]
[EventDate "2013.??.??"]

1. Nf3 Nf6 2. d4 g6 3. Bg5 Bg7 4. Nbd2 d5 5. e3 O-O 6. Bd3 c5 7. c3 Nbd7 8. O-O
b6 9. h3 Bb7 10. Bf4 Ne4 11. a4 Re8 12. Bh2 Nxd2 13. Qxd2 e5 14. dxe5 Nxe5 15.
Be2 Qe7 16. Nxe5 Bxe5 17. Bxe5 Qxe5 18. Bf3 Rad8 19. Rfd1 Qc7 20. Qc2 Rd6 21.
a5 Red8 22. axb6 axb6 23. Ra7 b5 24. Qb3 Qb6 25. Rda1 Bc8 26. R7a5 b4 27. cxb4
c4 28. Qc3 d4 29. exd4 Rxd4 30. Ra8 Rd2 31. Rf1 R2d6 32. b3 Rd3 33. Qxc4 Bf5
34. Rxd8+ Rxd8 35. Bd5 Rc8 36. Qf4 Be6 37. Bxe6 Qxe6 38. Rc1 Rd8 39. Qg3 Rd4
40. Rc4 Qe1+ 41. Kh2 Rd1 42. Qb8+ Kg7 43. Rf4 h5 44. Qb7 Qe6 45. Qf3 Rc1 46. h4
f6 47. Rc4 Rxc4 48. bxc4 Qd6+ 49. g3 Qxb4 50. Qd5 Qe7 51. c5 Qc7 52. Kg2 Kf8
53. Qe6 Qb7+ 54. c6 Qe7 55. Qd5 Qc7 56. Qe4 Kf7 57. Kf3 Qc8 58. Qd5+ Ke7 59.
Ke3 Qc7 60. Ke4 Qa7 61. Kf3 Qc7 62. Qc5+ Qd6 63. Qc2 Qd5+ 64. Ke2 Kd8 65. c7+
Kc8 66. Qxg6 Qe5+ 67. Kf3 Kxc7 68. Qe4 Qc3+ 69. Qe3 Qc6+ 70. Kf4 Qc2 71. Qd4
Qg6 72. Qd5 Qg4+ 73. Ke3 Qg6 74. Qe6 Qh6+ 75. Ke4 Qh7+ 76. Qf5 Qe7+ 77. Kf4 Qf7
78. Qc5+ Kd8 79. Qd6+ Kc8 80. Kf5 Qh7+ 81. Kxf6 Qc2 82. Qf4 Kb7 83. Kg5 Qe2 84.
f3 1-0

[Event "Prva liga centralne Srbije 2013"]
[Site "Kragujevac"]
[Date "2013.09.17"]
[Round "5.1"]
[White "Pavlovic, Milos"]
[Black "Marinkovic, Slavisa"]
[Result "1/2-1/2"]
[WhiteElo "2496"]
[BlackElo "2388"]
[PlyCount "68"]
[EventDate "2013.09.14"]

1. c4 e5 2. g3 Nc6 3. Bg2 f5 4. Nc3 Nf6 5. e3 g6 6. Nge2 Bg7 7. d3 O-O 8. O-O
d6 9. b3 Ne7 10. Ba3 c6 11. Qd2 Be6 12. d4 e4 13. d5 cxd5 14. Nf4 Bf7 15. cxd5
Qa5 16. Bxd6 Nfxd5 17. Nxe4 Qxd2 18. Nxd2 Nxf4 19. gxf4 Bxa1 20. Bxe7 Rfe8 21.
Bxb7 Rab8 22. Rxa1 Rxe7 23. Bg2 Rc7 24. Bf1 Rc2 25. Nf3 Rbc8 26. Ne5 Rc1 27.
Rxc1 Rxc1 28. Nxf7 Kxf7 29. Kg2 Rc2 30. a4 Kf6 31. h4 a5 32. Bc4 h6 33. Kg3 Rc3
34. Kf3 Rc2 1/2-1/2

[Event "Prva liga centralne Srbije 2013"]
[Site "Kragujevac"]
[Date "2013.09.17"]
[Round "5.1"]
[White "Roganovic, Milos"]
[Black "Ignjatovic, Predrag"]
[Result "1/2-1/2"]
[WhiteElo "2497"]
[BlackElo "2290"]
[PlyCount "108"]
[EventDate "2013.09.14"]

1. e4 e5 2. Nf3 Nf6 3. Nxe5 d6 4. Nf3 Nxe4 5. Nc3 Nxc3 6. dxc3 Be7 7. Bf4 Nc6
8. Qd2 Be6 9. Nd4 Nxd4 10. cxd4 Qd7 11. O-O-O d5 12. Kb1 Bd6 13. Bxd6 Qxd6 14.
Qg5 O-O 15. Bd3 Rae8 16. f4 Bd7 17. Rhe1 h6 18. Qh4 Rxe1 19. Rxe1 Re8 20. Rxe8+
Bxe8 21. Qe1 Kf8 22. g3 b6 23. a3 f6 24. b4 c6 25. Kb2 Qe7 26. Qd2 Qe6 27. Qc3
Qd6 28. Bf5 Bd7 29. Qd3 Be6 30. h4 Qd7 31. Bg6 Qe7 32. h5 Qd7 33. f5 Bf7 34. g4
Qc7 35. Qe3 Qd6 36. Kb1 a6 37. Qe2 b5 38. Qe3 Kg8 39. Kb2 Kf8 40. Kb3 Qc7 41.
a4 Qd6 42. axb5 axb5 43. c3 Qd7 44. Qg3 Be8 45. Ka2 Qa7+ 46. Kb2 Qe7 47. Qh2
Qe1 48. Kc2 Ke7 49. Bxe8 Kxe8 50. Qb8+ Kf7 51. Qc7+ Kf8 52. Qxc6 Qe2+ 53. Kc1
Qe1+ 54. Kc2 Qe2+ 1/2-1/2

[Event "Prva liga centralne Srbije 2013"]
[Site "Kragujevac"]
[Date "2013.09.17"]
[Round "5.1"]
[White "Ljubinkovic, Miodrag"]
[Black "Markovic, Ivan J"]
[Result "0-1"]
[WhiteElo "2255"]
[BlackElo "2471"]
[PlyCount "126"]
[EventDate "2013.09.14"]

1. d4 g6 2. Nf3 Bg7 3. c3 d6 4. Bf4 Nd7 5. Nbd2 e5 6. dxe5 dxe5 7. Bg3 Qe7 8.
e4 Ngf6 9. Qc2 O-O 10. Bh4 h6 11. Bxf6 Qxf6 12. g3 Nb6 13. Bg2 h5 14. h4 Bh6
15. O-O Rd8 16. Nb3 a5 17. Rad1 Bg4 18. Rxd8+ Rxd8 19. Nh2 a4 20. Nxg4 hxg4 21.
Na5 Rd2 22. Qb1 Qd6 23. b4 a3 24. Qb3 Rb2 25. Qxa3 Qd2 26. c4 Rxa2 27. Qb3 Rb2
28. Qa3 Ra2 29. Qb3 Rb2 30. Qa3 Rxb4 31. c5 Na4 32. Nxb7 Bf8 33. c6 Nb6 34. Qc1
Rb2 35. Qd1 Nc4 36. Qxd2 Nxd2 37. Ra1 Nb3 38. Ra8 Rb1+ 39. Kh2 Nd4 40. Nc5 Kg7
41. Na6 Bd6 42. Rc8 Ne6 43. f3 Rb6 44. Nb8 gxf3 45. Bxf3 Nd4 46. Bg2 Nxc6 47.
Nxc6 Rxc6 48. g4 Rc3 49. Ra8 Bc5 50. Ra4 Bf2 51. h5 Kh6 52. hxg6 fxg6 53. Bf1
c5 54. Kg2 Bd4 55. Be2 Re3 56. Bf3 Kg5 57. Kg3 Rd3 58. Rc4 Rd2 59. Bh1 Bf2+ 60.
Kf3 Kh4 61. Rc1 Bd4 62. Rf1 Kh3 63. g5 c4 0-1

[Event "Prva liga centralne Srbije 2013"]
[Site "Kragujevac"]
[Date "2013.09.17"]
[Round "5.2"]
[White "Musovic, Sabrija"]
[Black "Petkov, Vladimir"]
[Result "0-1"]
[WhiteElo "2093"]
[BlackElo "2564"]
[PlyCount "92"]
[EventDate "2013.09.14"]

1. e4 c5 2. Nf3 d6 3. d4 cxd4 4. Nxd4 Nf6 5. Nc3 a6 6. Bg5 Nbd7 7. f4 h6 8.
Bxf6 Nxf6 9. Qd2 e5 10. Nf3 Qc7 11. O-O-O Be7 12. h3 Be6 13. g4 O-O-O 14. Bg2
Kb8 15. Kb1 Rc8 16. Ne1 exf4 17. Qxf4 Nd7 18. Nd5 Bxd5 19. exd5 Ne5 20. Qb4 Bf6
21. c3 Rhe8 22. Bf1 Ka8 23. Nc2 Nd7 24. Rh2 Nc5 25. Re2 Rxe2 26. Bxe2 Qe7 27.
Bf1 Re8 28. a4 Qd7 29. a5 Re4 30. Nd4 Qe8 31. Bc4 Re1 32. Rxe1 Qxe1+ 33. Ka2
Bxd4 34. Qb6 Bf6 35. Qxd6 Be7 36. Qf4 Qe4 37. Qf1 Bf6 38. Qe2 Qxe2 39. Bxe2 Kb8
40. Ka3 Ne4 41. c4 Be7+ 42. b4 b6 43. axb6 a5 44. c5 axb4+ 45. Kxb4 Nxc5 46.
Bf3 Bd6 0-1

[Event "Prva liga centralne Srbije 2013"]
[Site "Kragujevac"]
[Date "2013.09.17"]
[Round "5.2"]
[White "Tosic, Miroslav"]
[Black "Radibratovic, Predrag"]
[Result "1/2-1/2"]
[WhiteElo "2412"]
[BlackElo "2362"]
[PlyCount "44"]
[EventDate "2013.09.14"]

1. d4 d5 2. c4 c6 3. Nf3 Nf6 4. Nc3 g6 5. cxd5 cxd5 6. Bf4 Bg7 7. e3 O-O 8. h3
Nc6 9. Bd3 Kh8 10. O-O Bf5 11. Be2 Rc8 12. Rc1 h6 13. Ne5 Nxe5 14. Bxe5 Ne4 15.
Bxg7+ Kxg7 16. Nxe4 Bxe4 17. Rxc8 Qxc8 18. Qd2 Qd7 19. Rc1 Rc8 20. Rc3 Rxc3 21.
Qxc3 b6 22. a3 a5 1/2-1/2

[Event "Prva liga centralne Srbije 2013"]
[Site "Kragujevac"]
[Date "2013.09.17"]
[Round "5.2"]
[White "Mrsevic, Miroslav"]
[Black "Paunovic, Tomislav"]
[Result "0-1"]
[WhiteElo "2286"]
[BlackElo "2327"]
[PlyCount "106"]
[EventDate "2013.09.14"]

1. e4 c5 2. d3 Nc6 3. g3 g6 4. Bg2 Bg7 5. Nc3 d6 6. Be3 Rb8 7. Qd2 b5 8. Nge2
Nd4 9. O-O b4 10. Nd1 Qb6 11. Nc1 h5 12. c3 bxc3 13. bxc3 Nc6 14. h3 h4 15. g4
f5 16. f3 e5 17. exf5 gxf5 18. Re1 Nge7 19. Nb3 Kf7 20. Bf2 Be6 21. Rb1 Qc7 22.
Ne3 a5 23. Qc2 Bf6 24. Nd2 Na7 25. a4 f4 26. Nec4 d5 27. Na3 Ng6 28. Nb3 Be7
29. d4 cxd4 30. Nxd4 Rxb1 31. Qxb1 Bd7 32. Nab5 Nxb5 33. Nxb5 Qc4 34. Qa1 Bc5
35. Bf1 Bxf2+ 36. Kxf2 Qc5+ 37. Kg2 e4 38. c4 exf3+ 39. Kh1 Re8 40. Rxe8 Bxe8
41. g5 d4 42. Nxd4 Qxg5 43. c5 Qd5 44. Qc3 f2+ 45. Kh2 Ne5 46. Qb3 Qxb3 47.
Nxb3 Bxa4 48. Nxa5 f3 49. Nb7 Bd1 50. Nd6+ Ke6 51. Ne4 Be2 52. Bg2 fxg2 53.
Nxf2 Bf1 0-1

[Event "Prva liga centralne Srbije 2013"]
[Site "Kragujevac"]
[Date "2013.09.17"]
[Round "5.2"]
[White "Manic, Jovica"]
[Black "Dumic, Marko"]
[Result "0-1"]
[WhiteElo "2256"]
[BlackElo "2266"]
[PlyCount "66"]
[EventDate "2013.09.14"]

1. e4 e6 2. d4 d5 3. e5 c5 4. Qg4 cxd4 5. Bd3 Nc6 6. Nf3 Nge7 7. O-O Nb4 8. a3
Nxd3 9. cxd3 Nf5 10. h4 h5 11. Qf4 g6 12. Ng5 Bd7 13. Nd2 Bb5 14. Ndf3 Bxd3 15.
Rd1 Be2 16. Rxd4 Be7 17. Be3 Bxf3 18. Nxf3 Rc8 19. Ra4 b5 20. Rxa7 Rc4 21. Nd4
Bc5 22. Qg5 Qxg5 23. hxg5 Bxa7 24. Nxf5 gxf5 25. Bxa7 Kd7 26. Rd1 Rg8 27. Be3
f4 28. Bd4 Rxg5 29. Rd3 f6 30. exf6 e5 31. Bc3 Ke6 32. f7 Rf5 33. b3 Rc8 0-1

[Event "Prva liga centralne Srbije 2013"]
[Site "Kragujevac"]
[Date "2013.09.17"]
[Round "5.2"]
[White "Brajovic, Miroljub"]
[Black "Todorovic, Bojan"]
[Result "1/2-1/2"]
[WhiteElo "2135"]
[BlackElo "2338"]
[PlyCount "36"]
[EventDate "2013.09.14"]

1. e4 e5 2. d4 exd4 3. Qxd4 Nc6 4. Qe3 Nf6 5. e5 Ng4 6. Qe4 d5 7. exd6+ Be6 8.
Ba6 Na5 9. Qa4+ c6 10. Bd2 Qb6 11. Nh3 Qxa6 12. Qxa5 Qxa5 13. Bxa5 Bxd6 14. Bd2
Bf5 15. f3 Nf6 16. c3 O-O-O 17. Nf4 Rhe8+ 18. Kf2 Bxb1 1/2-1/2

[Event "Prva liga centralne Srbije 2013"]
[Site "Kragujevac"]
[Date "2013.09.17"]
[Round "5.3"]
[White "Stojanovski, Dejan"]
[Black "Pantelic, Sasa"]
[Result "1-0"]
[WhiteElo "2436"]
[BlackElo "2322"]
[PlyCount "71"]
[EventDate "2013.09.14"]

1. e4 c5 2. Ne2 d6 3. g3 Nf6 4. Bg2 g6 5. O-O Nc6 6. c3 Bg7 7. d4 O-O 8. h3 Bd7
9. Be3 cxd4 10. cxd4 Rc8 11. Nbc3 a6 12. Qd2 b5 13. Rac1 b4 14. Nd5 a5 15.
Nxf6+ Bxf6 16. Rfd1 Nb8 17. d5 Na6 18. Nd4 Nc5 19. f4 Bg7 20. Nc6 Bxc6 21. dxc6
Ne6 22. Rc4 Qc7 23. Qf2 Qb8 24. Rdc1 Nc7 25. Kh2 Qa8 26. h4 e6 27. f5 Be5 28.
Bf4 f6 29. fxe6 f5 30. e7 Rf7 31. exf5 gxf5 32. Bxe5 dxe5 33. Qc5 e4 34. Rf1
Ne6 35. Qd5 Ng7 36. Rxe4 1-0

[Event "Prva liga centralne Srbije 2013"]
[Site "Kragujevac"]
[Date "2013.09.17"]
[Round "5.3"]
[White "Ivanov, Mikhail M"]
[Black "Djukic, Zeljko"]
[Result "1/2-1/2"]
[WhiteElo "2398"]
[BlackElo "2386"]
[PlyCount "118"]
[EventDate "2013.09.14"]

1. c4 e5 2. Nc3 Nf6 3. Nf3 Nc6 4. g3 d6 5. d3 g6 6. Bg2 h6 7. Rb1 a5 8. a3 Bg7
9. b4 axb4 10. axb4 O-O 11. b5 Ne7 12. Bb2 Nd7 13. Ra1 Rxa1 14. Qxa1 Nc5 15.
Nd2 Nf5 16. O-O Nd4 17. Qa7 Bg4 18. f3 Bf5 19. Nde4 Bxe4 20. fxe4 Ndb3 21. Nd5
Qg5 22. Ba3 h5 23. Nxc7 Qe3+ 24. Rf2 Nd4 25. Nd5 Nxe2+ 26. Kf1 Nxg3+ 27. hxg3
Qxd3+ 28. Kg1 Nxe4 29. Bxe4 Qxe4 30. Bxd6 Rd8 31. Qxb7 Qxc4 32. Qxf7+ Kh8 33.
Qe6 Qxb5 34. Ne7 Qb1+ 35. Kh2 Kh7 36. Rf7 Rxd6 37. Rxg7+ Kxg7 38. Qxd6 Qc2+ 39.
Kh3 Qe4 40. Qd1 Kf6 41. Nd5+ Kg7 42. Nc3 Qe3 43. Qd7+ Kh6 44. Qc8 Qe1 45. Kg2
Qd2+ 46. Kf1 Qd3+ 47. Kg2 Qd2+ 48. Kh3 Qe1 49. Qf8+ Kh7 50. Qf3 Qc1 51. Ne4
Qc8+ 52. Kh4 Kh6 53. Qe3+ Kg7 54. Qg5 Qe6 55. Nd2 Qd5 56. Qe7+ Kh6 57. Qf8+ Kh7
58. Qe7+ Kh6 59. Qf8+ Kh7 1/2-1/2

[Event "Prva liga centralne Srbije 2013"]
[Site "Kragujevac"]
[Date "2013.09.17"]
[Round "5.3"]
[White "Ilic, Zoran S"]
[Black "Jesic, Dusan"]
[Result "1/2-1/2"]
[WhiteElo "2319"]
[BlackElo "2357"]
[PlyCount "175"]
[EventDate "2013.09.14"]

1. d4 Nf6 2. Nf3 g6 3. c4 Bg7 4. g3 O-O 5. Bg2 d6 6. O-O Nbd7 7. Nc3 e5 8. e4
c6 9. b3 exd4 10. Nxd4 Re8 11. h3 Nc5 12. Re1 a5 13. Bf4 Nh5 14. Be3 Nf6 15.
Qc2 Nfd7 16. Rad1 Qb6 17. Rb1 Qc7 18. Kh2 Nb6 19. Rbd1 Bd7 20. f4 a4 21. Bf2
axb3 22. axb3 Rad8 23. Re2 Ne6 24. Nf3 Nf8 25. Bxb6 Qxb6 26. Rxd6 Ra8 27. Nd5
Qd8 28. Ne3 Qe7 29. e5 f6 30. c5 fxe5 31. fxe5 Bxe5 32. Qc4+ Be6 33. Rxe6 Bxg3+
34. Kxg3 Qxe6 35. Rd2 Red8 36. Nd4 Qxc4 37. Nxc4 Ra1 38. Nd6 Rd7 39. b4 Rb1 40.
b5 Rc1 41. bxc6 bxc6 42. Ne4 Kh8 43. Kf4 Rd5 44. Ke3 Rcxc5 45. Nxc5 Rxc5 46.
Nxc6 Kg7 47. Nd4 Re5+ 48. Kf4 Re7 49. Bd5 Nd7 50. Nf3 Nf6 51. Bc6 Re6 52. Rc2
Nh5+ 53. Kg4 Rf6 54. h4 Rf4+ 55. Kh3 Rf6 56. Rc3 Nf4+ 57. Kh2 h6 58. Be4 Re6
59. Rc4 Kf6 60. Kg3 Nh5+ 61. Kg4 Ng7 62. Bd5 Ra6 63. Rf4+ Nf5 64. Be4 h5+ 65.
Kh3 Ra4 66. Ng5 Ke5 67. Rf3 Rxe4 68. Nxe4 Kxe4 69. Ra3 Nd4 70. Ra5 Nf3 71. Kg3
Ne5 72. Ra8 Kf5 73. Rf8+ Ke6 74. Kf4 Nf7 75. Ra8 Kf6 76. Ra6+ Kg7 77. Rb6 Kh7
78. Rb7 Kg7 79. Ke4 Kf6 80. Rb6+ Kg7 81. Kd5 Nh6 82. Ke6 Nf5 83. Rb4 Ne3 84.
Ra4 g5 85. Ra3 Ng4 86. hxg5 Kg6 87. Ra5 h4 88. Kd5 1/2-1/2

[Event "Prva liga centralne Srbije 2013"]
[Site "Kragujevac"]
[Date "2013.09.17"]
[Round "5.3"]
[White "Radovanovic, Jovica"]
[Black "Mitrovic, Darko R"]
[Result "1/2-1/2"]
[WhiteElo "2335"]
[BlackElo "2278"]
[PlyCount "82"]
[EventDate "2013.09.14"]

1. Nf3 Nf6 2. g3 d5 3. Bg2 h6 4. O-O c6 5. c4 e6 6. d4 Nbd7 7. Nc3 dxc4 8. e4
Bb4 9. Qe2 Bxc3 10. bxc3 b5 11. Ba3 Bb7 12. Rab1 Qc7 13. Nd2 Qa5 14. Bb4 Qc7
15. a4 a6 16. Ba3 c5 17. e5 Nd5 18. Ne4 O-O 19. Rfc1 cxd4 20. cxd4 Bc6 21. Bxf8
Rxf8 22. Nd6 Rb8 23. axb5 axb5 24. Bxd5 exd5 25. Nxf7 Kxf7 26. e6+ Kg8 27. exd7
Qxd7 28. Qd2 Qd6 29. Rb4 Ra8 30. Rbb1 Ra4 31. Re1 b4 32. Re5 c3 33. Qc2 Ra3 34.
Rbe1 Ra7 35. Re6 Qd7 36. Qg6 Ba4 37. Rd6 Qc7 38. Re8+ Bxe8 39. Qxe8+ Kh7 40.
Qg6+ Kg8 41. Qe8+ Kh7 1/2-1/2

[Event "Prva liga centralne Srbije 2013"]
[Site "Kragujevac"]
[Date "2013.09.17"]
[Round "5.3"]
[White "Djukic, Stevan"]
[Black "Misojcic, Miroslav"]
[Result "1/2-1/2"]
[WhiteElo "2252"]
[BlackElo "2253"]
[PlyCount "144"]
[EventDate "2013.09.14"]

1. d4 d5 2. c4 c6 3. cxd5 cxd5 4. Bf4 Nf6 5. Nc3 Nc6 6. e3 Bf5 7. Qb3 Na5 8.
Qa4+ Bd7 9. Qc2 Rc8 10. Bd3 e6 11. Nge2 Nc4 12. O-O Be7 13. Rac1 O-O 14. Rfd1
Qa5 15. Qb1 h6 16. Rc2 b5 17. a3 Qb6 18. Rdc1 a5 19. Nd1 a4 20. Ndc3 Qa5 21.
Qa1 Rc6 22. Na2 Rfc8 23. Nec3 Rb6 24. h3 Rb7 25. Nb1 Ra8 26. Kh1 Qd8 27. Nd2
Qf8 28. Nc3 Na5 29. Ncb1 Raa7 30. Qa2 Nc4 31. Qa1 Bc6 32. Kg1 Nd7 33. Bg3 Ndb6
34. Qa2 Bd7 35. Qa1 Na5 36. Qa2 Nbc4 37. Kh1 g6 38. Be2 Kh7 39. Bd3 Ra8 40. Re1
f5 41. Nf3 Nc6 42. Qa1 N6a5 43. Nbd2 Rc8 44. Qc1 Bd6 45. Bxd6 Qxd6 46. Bxc4
Nxc4 47. Nxc4 bxc4 48. Ne5 Rb3 49. Rc3 Rcb8 50. Re2 Be8 51. Rec2 R8b5 52. Rxb3
Rxb3 53. Qd2 Qb6 54. Kh2 Kg7 55. Qc1 Qb5 56. Qd2 g5 57. f4 Bg6 58. Qf2 Kf6 59.
fxg5+ hxg5 60. h4 Qe8 61. hxg5+ Kxg5 62. Qf4+ Kf6 63. Qh4+ Kg7 64. Qe1 Bh5 65.
Qg3+ Kh7 66. Rf2 Rb7 67. Rf4 Rg7 68. Qh4 Kg8 69. Qh3 Bg6 70. Rh4 Rh7 71. Rh6
Rxh6 72. Qxh6 Bh5 1/2-1/2

[Event "Prva liga centralne Srbije 2013"]
[Site "Kragujevac"]
[Date "2013.09.17"]
[Round "5.5"]
[White "Atalik, Suat"]
[Black "Cabrilo, Goran"]
[Result "1-0"]
[WhiteElo "2566"]
[BlackElo "2388"]
[PlyCount "85"]
[EventDate "2013.09.14"]

1. d4 d6 2. Nf3 Bg4 3. c4 Nd7 4. e4 g6 5. Be2 Bg7 6. Nc3 c5 7. d5 Ngf6 8. a4 a6
9. Ra3 Qc7 10. h3 Bxf3 11. Bxf3 h5 12. g3 e6 13. O-O exd5 14. exd5 O-O 15. Be2
Rfe8 16. Qc2 Re7 17. f4 Rae8 18. Bd3 Nh7 19. Bd2 Bd4+ 20. Kg2 Ndf6 21. Raa1 Qd7
22. Rae1 Be3 23. Bxe3 Rxe3 24. Rxe3 Rxe3 25. Qd2 Qe8 26. Kf2 Re7 27. Re1 Rxe1
28. Qxe1 Qxe1+ 29. Kxe1 a5 30. Kf2 Kf8 31. Kf3 Ke7 32. g4 hxg4+ 33. hxg4 Nf8
34. Ne2 N6d7 35. Ng3 Nb6 36. b3 Nbd7 37. Be2 Nb8 38. Bf1 Na6 39. Ke3 Nb4 40.
Kd2 f6 41. Bh3 Na6 42. g5 fxg5 43. fxg5 1-0

[Event "Prva liga centralne Srbije 2013"]
[Site "Kragujevac"]
[Date "2013.09.17"]
[Round "5.5"]
[White "Milanovic, Slavisa"]
[Black "Nestorovic, Nikola"]
[Result "1/2-1/2"]
[WhiteElo "2419"]
[BlackElo "2439"]
[PlyCount "29"]
[EventDate "2013.09.14"]

1. c4 e5 2. Nc3 Nc6 3. Nf3 f5 4. d4 e4 5. Ng5 Nf6 6. Nh3 Bb4 7. e3 Bxc3+ 8.
bxc3 d6 9. Nf4 O-O 10. h4 b6 11. Ba3 Na5 12. Bb4 Nc6 13. Ba3 Na5 14. Bb4 Nc6
15. Ba3 1/2-1/2

[Event "Prva liga centralne Srbije 2013"]
[Site "Kragujevac"]
[Date "2013.09.17"]
[Round "5.5"]
[White "Blesic, Vaso"]
[Black "Simonovic, Aleksandar"]
[Result "1/2-1/2"]
[WhiteElo "2375"]
[BlackElo "2365"]
[PlyCount "28"]
[EventDate "2013.09.14"]

1. e4 c5 2. Nc3 Nc6 3. f4 g6 4. Nf3 Bg7 5. Bb5 Nd4 6. O-O Nxb5 7. Nxb5 d5 8.
exd5 a6 9. Nc3 Nf6 10. d4 Nxd5 11. dxc5 Nxc3 12. Qxd8+ Kxd8 13. bxc3 Bxc3 14.
Rb1 f6 1/2-1/2

[Event "Prva liga centralne Srbije 2013"]
[Site "Kragujevac"]
[Date "2013.09.17"]
[Round "5.5"]
[White "Nestorovic, Lazar"]
[Black "Sandic, Vladeta"]
[Result "1/2-1/2"]
[WhiteElo "2391"]
[BlackElo "2326"]
[PlyCount "131"]
[EventDate "2013.09.14"]

1. e4 c6 2. d4 d5 3. exd5 cxd5 4. c4 Nf6 5. Nc3 e6 6. Nf3 Be7 7. cxd5 Nxd5 8.
Bd3 Nc6 9. O-O O-O 10. Re1 Nf6 11. Bg5 b6 12. Qe2 Bb7 13. Rad1 Nb4 14. Bb1 Rc8
15. Ne5 Nfd5 16. Qh5 f5 17. Nf3 Nxc3 18. Bxe7 Qxe7 19. bxc3 g6 20. Qg5 Qxg5 21.
Nxg5 Rxc3 22. Nxe6 Re8 23. h4 Bd5 24. Nf4 Rxe1+ 25. Rxe1 Bf7 26. Kh2 Rc7 27. a3
Nd5 28. Nxd5 Bxd5 29. Re5 Bf7 30. d5 Kg7 31. Bd3 Kf6 32. f4 Rc3 33. Bb5 Rc2 34.
d6 Rd2 35. Re7 a5 36. Rb7 Rxd6 37. Kg3 h5 38. Rc7 Bd5 39. Be8 Bg8 40. Bb5 Be6
41. Kh3 Rd5 42. a4 Rd6 43. Kg3 Bb3 44. Rb7 Ke6 45. Rg7 Kf6 46. Rb7 Bd5 47. Rc7
Re6 48. Ra7 Re3+ 49. Kf2 Rb3 50. Ra6 Rb2+ 51. Ke3 Bxg2 52. Rxb6+ Kg7 53. Ra6
Rb3+ 54. Kf2 Bd5 55. Rxa5 Rf3+ 56. Kg2 Rxf4+ 57. Kh3 Rf2 58. Be8 Be6 59. Kg3
Re2 60. Ra7+ Kf6 61. Bc6 Rd2 62. a5 Rd3+ 63. Kf2 Bc4 64. a6 Rd8 65. Bf3 Rd6 66.
Rc7 1/2-1/2

[Event "Prva liga centralne Srbije 2013"]
[Site "Kragujevac"]
[Date "2013.09.17"]
[Round "5.5"]
[White "Ratkovic, Miloje"]
[Black "Stankovic, Milos"]
[Result "0-1"]
[WhiteElo "2261"]
[BlackElo "2407"]
[PlyCount "56"]
[EventDate "2013.09.14"]

1. d4 Nf6 2. c4 e6 3. Nc3 Bb4 4. e3 b6 5. Nge2 c5 6. a3 Ba5 7. Rb1 Na6 8. d5
exd5 9. cxd5 b5 10. Ng3 b4 11. axb4 cxb4 12. Nb5 O-O 13. Bc4 Nc5 14. O-O Qb6
15. Nd4 Bb7 16. Nb3 Nxb3 17. Bxb3 Rfe8 18. Qf3 Qd6 19. Rd1 Bc7 20. Bc4 h5 21.
Rd4 Ng4 22. Rf4 Qg6 23. Rf5 Bxg3 24. hxg3 Ne5 25. Rxe5 Qxb1 26. Rxe8+ Rxe8 27.
Qd1 Rc8 28. Qf1 Bxd5 0-1